000 01068nmc a2200373 a 4500
003 AR-BaBNM
005 20251128204752.0
008 195119s1987 ||||||||||||||000 | spa||
020 _a950-0086-04-2
040 _cAR-BaBNM
100 1 _aBurgin, Miron
245 1 0 _aAspectos económicos del federalismo argentino
250 _a1ª ed.
260 _aBuenos Aires
_bSolar
_c1987
300 0 _a392 p.
_btablas
490 0 _aDimensión argentina
500 0 _aContiene índice bibliográfico en pág. 361-373
500 0 _aIndice analítico en pág. 375-386
500 0 _aIndice de cuadros en pág. 387-389
650 4 _aFEDERALISMO ARGENTINO
650 4 _aHISTORIA ARGENTINA
650 4 _aHISTORIA ECONOMICA
650 4 _aPOLITICA ECONOMICA
650 4 _aPARTIDOS POLITICOS
650 4 _aREFORMA ECONOMICA
650 4 _aUNITARIOS
650 4 _aFEDERALES
651 4 _aBuenos Aires [Provincia]
651 4 _aArgentina
700 1 _aBosch, Beatriz
_ecomentarista
800 1 _aWeinberg, Gregorio
_edirector
942 _cBK
998 _cGLORIA
999 _c8751
_d8751